| 000 | 00791nam a2200253 i 4500 | ||
|---|---|---|---|
| 001 | bg | ||
| 100 | 1 |
_aDittmann, Paweł _d(1950- ). |
|
| 245 | 1 | 0 |
_aMetody prognozowania sprzedaży w przedsiębiorstwie / _cPaweł Dittmann. |
| 250 | _aWyd. 3. | ||
| 260 |
_aWrocław : _bWydaw. Akademii Ekonomicznej im. Oskara Langego, _c1998. |
||
| 300 |
_a195, [1] s. : _brys., wykr. ; _c24 cm. |
||
| 500 | _aStreszcz. ang. | ||
| 504 | _aBibliogr. s. 184-192. - Indeks. | ||
| 650 | 9 |
_aKupno i sprzedaż _xprognozy _xmetody |
|
| 650 | 9 |
_aPrzedsiębiorstwo _xprognozy _xmetody |
|
| 655 | _aPodręczniki | ||
| 020 | _a8370112773 | ||
| 040 | _cBPK | ||
| 041 | 0 |
_apl _ben |
|
| 080 | _a658.1/.5:658.8].001.18(07) | ||
| 920 | _a83-7011-277-3 | ||
| 942 | _cKS | ||
| 008 | s pl f |000 0 pol | ||
| 999 |
_c33908 _d33908 |
||
| 856 |
_uhttp://koha.tu.koszalin.pl/cgi-bin/koha/opac-detail.pl?biblionumber=33908 _yKatalog online BPK |
||